[Event "Tournament (open)"]
[Site "masterchessopen.com Novosibirsk (Russia)"]
[Date "2010.04.06"]
[Round "4"]
[White "Novichkov Vladimir (RUS)"]
[Black "Anikin Roman"]
[Result "0-1"]
[WhiteElo "2142"]
[BlackElo "1890"]

1.e4 c5 2.Nf3 d6 3.d4 cxd4 4.Nxd4 Nf6 5.f3 e5 6.Bb5+ Nbd7 7.Nf5 a6 8.Ba4 b5
9.Bb3 Nb6 10.Ne3 Be7 11.O-O O-O 12.Nc3 b4 13.Ncd5 Nfxd5 14.Nxd5 Nxd5 15.Bxd5
Qb6+ 16.Kh1 Bb7 17.Bb3 Rad8 18.Qd3 Bc6 19.Be3 Qb7 20.Rfd1 Kh8 21.Rd2 f5 22.Bd5
fxe4 23.fxe4 Bxd5 24.Qxd5 Qxd5 25.Rxd5 Rc8 26.Rd2 Rc4 27.Bg1 Rxe4 28.a3 bxa3
29.Rxa3 Re1 30.Rf3 Rxf3 31.gxf3 Kg8 32.Kg2 Kf7 33.Bf2 Ra1 34.Re2 a5 35.b3 a4
36.bxa4 Rxa4 37.Bg3 h5 38.h3 Rc4 39.Be1 Kg6 40.Bg3 Kf5 41.Be1 Bg5 42.Bg3 Bf4
43.Be1 g5 44.Bg3 Bxg3 45.Kxg3 h4+ 46.Kf2 d5 47.Rd2 Kf4 48.Kg2 Rc3 49.Rf2 d4
{#R} 0-1

[Event "It \"]
[Site "masterchessopen.com Calimanesti (Romania)"]
[Date "2010.05.05"]
[Round "6"]
[White "Skoulakis Charalambos (GRE)"]
[Black "Pecurica Milos (MNE)"]
[Result "1-0"]
[WhiteElo "2111"]
[BlackElo "2027"]

1.e4 c5 2.Nf3 d6 3.d4 cxd4 4.Nxd4 Nf6 5.f3 e5 6.Bb5+ Nbd7 7.Nf5 d5 8.exd5 a6
9.Ba4 b5 10.Bb3 Nc5 11.Ne3 Nxb3 12.axb3 Bc5 13.Nc3 Qb6 14.Qd3 O-O 15.O-O Nh5
16.Ne4 Nf4 17.Qd2 Bxe3+ 18.Qxe3 Qg6 19.Qd2 Bh3 20.Rf2 Rac8 21.c4 bxc4 22.bxc4
Rxc4 23.b3 Rd4 24.Qxd4 Bxg2 25.Nf6+ Qxf6 26.Qe4 Bh3 27.Bxf4 exf4 28.Rd1 g5
29.d6 Rd8 30.Rfd2 g4 31.Qe7 Kg7 32.Rd5 Qxe7 33.dxe7 Re8 34.Re1 Kf6 35.Rd6+
{#r} 1-0

[Event "Cup Mayor's (open)"]
[Site "masterchessopen.com Mumbai (India)"]
[Date "2010.06.10"]
[Round "11"]
[White "Varga Zoltan (HUN)"]
[Black "Shyam Nikil P (IND)"]
[Result "1-0"]
[WhiteElo "2449"]
[BlackElo "2349"]

1.e4 c5 2.Nf3 d6 3.d4 cxd4 4.Nxd4 Nf6 5.f3 e5 6.Bb5+ Nbd7 7.Nf5 d5 8.exd5 a6
9.Ba4 b5 10.Bb3 Nb6 11.Ne3 Bb7 12.Nc3 b4 13.Na4 Nbxd5 14.Nxd5 Nxd5 15.Qe2 Qc7
16.Bd2 Be7 17.O-O-O O-O-O 18.Rhe1 f6 19.f4 Kb8 20.fxe5 fxe5 21.g3 Bf6 22.Bxd5
Rxd5 23.Bxb4 Qc6 24.Rxd5 Qxd5 25.b3 h5 26.Bc3 e4 27.Rd1 Qf5 28.Rf1 Qg6 29.Bxf6
gxf6 30.Qe3 Qg5 31.Qxg5 fxg5 32.Nc5 Ba8 33.Kd2 h4 34.Rf8+ Rxf8 35.Nd7+ Kc7
36.Nxf8 hxg3 37.hxg3 Kd6 38.Nh7 Ke5 39.Nxg5 Kf5 40.Nf7 {#r} 1-0

[Event "It (open) \"]
[Site "masterchessopen.com St. Petersburg (Russia)"]
[Date "2010.06.23"]
[Round "8"]
[White "Shushpanova Nina (RUS)"]
[Black "Paramzina Anastasya (RUS)"]
[Result "1-0"]
[WhiteElo "1993"]
[BlackElo "1830"]

1.e4 c5 2.Nf3 d6 3.d4 cxd4 4.Nxd4 Nf6 5.f3 e5 6.Bb5+ Nbd7 7.Nf5 a6 8.Ba4 b5
9.Bb3 Nc5 10.Nc3 Bxf5 11.exf5 Nxb3 12.axb3 h6 13.Be3 d5 14.Bf2 Be7 15.O-O O-O
16.Re1 b4 17.Na4 Qc7 18.Nb6 Rad8 19.Rxa6 Bc5 20.Qe2 Rb8 21.Bxc5 Qxc5+ 22.Qf2
Qb5 23.Rea1 Rfd8 24.R1a5 Qe8 25.Qe1 e4 26.fxe4 dxe4 27.Nc4 Qd7 28.h3 Qd4+
29.Kh2 Nd5 30.Qg3 Re8 31.Rd6 Qd1 32.Raxd5 Qxc2 33.f6 g6 34.Qf4 Kh7 35.Rd7 Rf8
36.Ne5 {#r} 1-0

[Event "Ch Hungary (juniors) (under 12)"]
[Site "masterchessopen.com Budapest (Hungary)"]
[Date "2010.07.02"]
[Round "7"]
[White "Zsembery Aron (HUN)"]
[Black "Lajtos Levente (HUN)"]
[Result "1-0"]
[WhiteElo "1855"]
[BlackElo "1662"]

1.e4 c5 2.Nf3 d6 3.d4 cxd4 4.Nxd4 Nf6 5.f3 e5 6.Bb5+ Bd7 7.Bxd7+ Qxd7 8.Nf5 d5
9.Bg5 dxe4 10.Bxf6 Qxd1+ 11.Kxd1 gxf6 12.fxe4 Nd7 13.Nd2 O-O-O 14.c3 Nc5
15.Kc2 h5 16.Rhf1 Bh6 17.Nxh6 Rxh6 18.b4 Ne6 19.Rf2 Ng5 20.h4 Nh7 21.Nc4 Rg6
22.Ne3 Rg3 23.Nf5 Rg4 24.Re1 Rd7 25.g3 Kc7 26.Rf3 b5 27.Ne3 Rg6 28.Nd5+ Kd6
29.Rd1 Ke6 30.Rdd3 a6 31.Rf5 Rh6 32.Kb3 Nf8 33.Rdf3 Nh7 34.c4 bxc4+ 35.Kxc4
Rb7 36.a4 Rg6 37.b5 axb5+ 38.axb5 Rg4 39.Nxf6 Nxf6 40.Rxf6+ Kd7 41.Rxf7+ Kc8
42.Rxb7 Kxb7 43.Kd5 Kb6 44.Rb3 {#r} 1-0

[Event "Memorial M.Chigorin (open)"]
[Site "masterchessopen.com St. Petersburg (Russia)"]
[Date "2010.11.03"]
[Round "7"]
[White "Inants Aghasi (ARM)"]
[Black "Hamitevici Vladimir (MDA)"]
[Result "1-0"]
[WhiteElo "2281"]
[BlackElo "2415"]

1.e4 c5 2.Nf3 d6 3.d4 cxd4 4.Nxd4 Nf6 5.f3 e5 6.Bb5+ Bd7 7.Bxd7+ Qxd7 8.Nf5 d5
9.Bg5 Nc6 10.Bxf6 gxf6 11.Qxd5 Qxd5 12.exd5 Nb4 13.Na3 O-O-O 14.c4 Nd3+ 15.Ke2
Nxb2 16.Nb1 Kb8 17.Nd2 Rc8 18.Rac1 Bb4 19.Rc2 Na4 20.Ne4 Nb6 21.Rb1 Nxd5
22.cxd5 Rxc2+ 23.Kd3 Rxg2 24.Rxb4 Rd8 25.d6 Rxh2 26.Nxf6 Rxa2 27.Ke4 a5 28.Rb5
a4 29.Nd5 a3 30.Ra5 Ra1 31.Nb6 Rxd6 32.Nxd6 a2 33.Kf5 Kc7 34.Nbc4 h5 35.Nb5+
Kd8 36.Nxe5 Ke7 37.Nc3 f6 38.Ng6+ Kf7 39.Rxa2 Rg1 40.Nf4 Rg5+ 41.Ke4 Re5+
42.Kd4 {#r} 1-0

[Event "Bundesliga 2010/11 (w)"]
[Site "masterchessopen.com Germany"]
[Date "2011.01.29"]
[Round "6"]
[White "Leks Maria (POL)"]
[Black "Beltz Franziska (GER)"]
[Result "1-0"]
[WhiteElo "2108"]
[BlackElo "2100"]

1.e4 c5 2.Nf3 d6 3.d4 cxd4 4.Nxd4 Nf6 5.f3 e5 6.Bb5+ Nbd7 7.Nf5 d5 8.exd5 a6
9.Ba4 b5 10.Bb3 Nc5 11.Ne3 Bd6 12.O-O O-O 13.c4 e4 14.Bc2 Qc7 15.b4 Bxh2+
16.Kh1 Be5 17.bxc5 Bxa1 18.fxe4 Qxc5 19.Qf3 Re8 20.Nd2 bxc4 21.Ndxc4 Bd4
22.Ba3 Qa7 23.e5 Bxe5 24.Ba4 Qd4 25.Qf2 Rd8 26.Bb2 Qa7 27.Nxe5 Nxd5 28.Nc6
Nxe3 29.Nxa7 Nxf1 30.Nxc8 Raxc8 31.Qxf1 Rd2 32.Qxa6 Rcd8 33.Qb7 Rf2 34.Kg1
{#r} 1-0

[Event "It (open) \"]
[Site "masterchessopen.com Caleta (England)"]
[Date "2011.02.03"]
[Round "10"]
[White "Lee Kai Jie Edward (SIN)"]
[Black "Urbina Perez Juan Antonio (ESP)"]
[Result "0-1"]
[WhiteElo "2008"]
[BlackElo "2209"]

1.e4 c5 2.Nf3 d6 3.d4 cxd4 4.Nxd4 Nf6 5.f3 e5 6.Bb5+ Bd7 7.Bxd7+ Nbxd7 8.Nf5
d5 9.exd5 Nb6 10.c4 Nxc4 11.Qa4+ Qd7 12.Qxc4 Rc8 13.Ne3 Rxc4 14.Nxc4 Qxd5
15.Ne3 Qd3 16.Nc3 Bc5 17.Ncd1 O-O 18.a3 Rc8 19.Nf2 Qb3 20.Ned1 e4 21.fxe4 Nxe4
22.O-O f5 23.g3 Nxf2 24.Nxf2 Bxf2+ 25.Rxf2 Qd1+ 26.Rf1 Qd4+ 27.Rf2 Rc2 28.Be3
Qxe3 29.Rf1 Rxb2 30.Kg2 Rxf2+ 31.Rxf2 Qxa3 32.Rxf5 Qa2+ 33.Kh3 Qe6 34.g4 Qxf5
35.gxf5 a5 36.Kh4 a4 37.Kh5 a3 38.h4 a2 39.f6 gxf6 40.Kh6 a1=Q 41.Kh5 Qd1+
42.Kh6 Qg4 {#R} 0-1

[Event "It (open)"]
[Site "masterchessopen.com Cento (Italy)"]
[Date "2011.02.10"]
[Round "6"]
[White "Borgo Giulio (ITA)"]
[Black "Mueer Sebastian (GER)"]
[Result "1-0"]
[WhiteElo "2397"]
[BlackElo "2230"]

1.e4 c5 2.Nf3 d6 3.d4 cxd4 4.Nxd4 Nf6 5.f3 e5 6.Bb5+ Nbd7 7.Nf5 d5 8.exd5 a6
9.Ba4 b5 10.Bb3 Nb6 11.Ne3 Bc5 12.Nc3 O-O 13.Qd3 b4 14.Na4 Nxa4 15.Bxa4 Bd7
16.Bxd7 Qxd7 17.Bd2 e4 18.Qe2 exf3 19.Qxf3 Rfe8 20.O-O-O Ne4 21.Rhe1 Rad8
22.Kb1 Nxd2+ 23.Rxd2 Re5 24.Rde2 h6 25.b3 Rde8 26.a3 bxa3 27.Ka2 Qe7 28.Nf5
Qf6 29.Nxh6+ Kf8 30.Rxe5 Rxe5 31.Rxe5 {#r} 1-0

[Event "Ch Central FO (seniors)"]
[Site "masterchessopen.com Kaluga (Russia)"]
[Date "2011.03.10"]
[Round "0"]
[White "Klimenko Valentin (RUS)"]
[Black "Zhelnin Vladimir V (RUS)"]
[Result "0-1"]
[WhiteElo "2080"]
[BlackElo "2430"]

1.e4 c5 2.Nf3 d6 3.d4 cxd4 4.Nxd4 Nf6 5.f3 e5 6.Bb5+ Nbd7 7.Nf5 d5 8.exd5 a6
9.Ba4 b5 10.Bb3 Nb6 11.Ne3 Bb7 12.Nc3 Bc5 13.Qd3 O-O 14.Ne4 Nfd7 15.Bd2 Bd4
16.c3 Nc5 17.Nxc5 Bxc5 18.O-O-O Qc7 19.Nf5 Nxd5 20.Bxd5 Rad8 21.Ne3 Bxe3
22.Bxf7+ Qxf7 23.Qxe3 Qxa2 24.Qc5 e4 25.Bg5 Rxd1+ 26.Rxd1 exf3 27.gxf3 Bxf3
28.Rd7 Re8 29.Kc2 Qe6 {#R} 0-1

[Event "Ch Italy (team)"]
[Site "masterchessopen.com Spoleto (Italy)"]
[Date "2011.04.30"]
[Round "6"]
[White "Borgo Giulio (ITA)"]
[Black "Georgiev Kiril (MKD)"]
[Result "0-1"]
[WhiteElo "2397"]
[BlackElo "2664"]

1.e4 c5 2.Nf3 d6 3.d4 cxd4 4.Nxd4 Nf6 5.f3 e5 6.Bb5+ Nbd7 7.Nf5 d5 8.exd5 a6
9.Ba4 b5 10.Bb3 Nb6 11.Ne3 Bc5 12.Nc3 Bb7 13.Qd3 O-O 14.Ne4 Nxe4 15.fxe4 a5
16.c3 b4 17.Nf5 a4 18.Qg3 g6 19.Bc2 Nd7 20.Bd2 Qb6 21.c4 Kh8 22.Nh6 Bd4 23.Rb1
Nc5 24.Rf1 f6 25.Ng4 b3 26.axb3 axb3 27.Bd3 f5 28.exf5 Bc8 29.Bh6 Nxd3+
30.Qxd3 Bxf5 31.Qe2 Bxg4 32.Qxg4 Qb4+ 33.Ke2 Qxc4+ {#R} 0-1

[Event "It (open)"]
[Site "masterchessopen.com Ascot (England)"]
[Date "2011.05.28"]
[Round "2"]
[White "Foo William (ENG)"]
[Black "Sanders Isaac B (ENG)"]
[Result "0-1"]
[WhiteElo "1931"]
[BlackElo "2136"]

1.e4 c5 2.Nf3 d6 3.d4 cxd4 4.Nxd4 Nf6 5.f3 e5 6.Bb5+ Nbd7 7.Nf5 d5 8.c3 a6
9.Ba4 b5 10.Bc2 Nb6 11.Bg5 Bxf5 12.exf5 Bc5 13.Qe2 O-O 14.Nd2 Re8 15.O-O-O Qc7
16.g4 Rac8 17.Bxf6 gxf6 18.g5 b4 19.c4 Nxc4 20.Nxc4 dxc4 21.Ba4 Red8 22.gxf6
Kh8 23.Rxd8+ Rxd8 24.Re1 Bd4 25.f4 b3 26.axb3 c3 27.fxe5 cxb2+ 28.Kb1 Qc3
29.Rd1 Rc8 30.Qe1 Qc2+ {#R} 0-1

[Event "It (open)"]
[Site "masterchessopen.com Djakovo (Croatia)"]
[Date "2011.06.10"]
[Round "4"]
[White "Leventic Ivan (CRO)"]
[Black "Sulc Damir (CRO)"]
[Result "1-0"]
[WhiteElo "2468"]
[BlackElo "2251"]

1.e4 c5 2.Nf3 d6 3.d4 cxd4 4.Nxd4 Nf6 5.f3 e5 6.Bb5+ Bd7 7.Bxd7+ Qxd7 8.Nf5 d5
9.Bg5 dxe4 10.Bxf6 gxf6 11.fxe4 Qxd1+ 12.Kxd1 Nc6 13.c3 Rg8 14.g3 Rg4 15.Re1
Rd8+ 16.Nd2 Ne7 17.Nxe7 Kxe7 18.Kc2 h5 19.Nf3 Bh6 20.Nh4 Rd2+ 21.Kb3 Ke6
22.Nf5 Bf8 23.h3 Rxe4 24.Rxe4 Kxf5 25.Rc4 Bd6 26.Rf1+ Kg6 27.g4 h4 28.Rf3 b5
29.Re4 Bc5 30.Re1 a6 31.Ref1 Rd6 32.Kc2 e4 33.Rf5 Bb6 34.Rd1 Re6 35.Kd2 Bf2
36.Ke2 e3 37.Rd8 Kg7 38.Rh5 b4 39.Rhh8 f5 40.g5 {#r} 1-0

[Event "It (open)"]
[Site "masterchessopen.com Sinnai (Italy)"]
[Date "2011.06.26"]
[Round "7"]
[White "Mariotti Sergio (ITA)"]
[Black "Du Plessis Heinco"]
[Result "1-0"]
[WhiteElo "2329"]
[BlackElo "2120"]

1.e4 c5 2.Nf3 d6 3.d4 cxd4 4.Nxd4 Nf6 5.f3 e5 6.Bb5+ Nbd7 7.Nf5 d5 8.exd5 a6
9.Bxd7+ Qxd7 10.Ne3 b5 11.Nc3 Bc5 12.Ne4 Bxe3 13.Bxe3 Nxd5 14.Bc5 Qc6 15.Nd6+
Kf8 16.b4 Kg8 17.O-O Be6 18.Qe1 f6 19.f4 Nb6 20.fxe5 Nd7 21.exf6 Nxc5 22.fxg7
Qxd6 23.gxh8=Q+ Kxh8 {#r} 1-0

[Event "It (open)"]
[Site "masterchessopen.com Barbera (Spain)"]
[Date "2011.07.11"]
[Round "8"]
[White "Ridameya Tatche Jose (ESP)"]
[Black "Dalo Hermes (VEN)"]
[Result "1-0"]
[WhiteElo "1966"]
[BlackElo "2159"]

1.e4 c5 2.Nf3 d6 3.d4 cxd4 4.Nxd4 Nf6 5.f3 e5 6.Bb5+ Bd7 7.Bxd7+ Nbxd7 8.Nf5
Nb6 9.c4 g6 10.Ng3 h6 11.Nc3 a6 12.b3 Qc7 13.Be3 Bg7 14.Qd2 h5 15.h4 O-O
16.Rc1 Rad8 17.O-O Nc8 18.Rfd1 Ne7 19.Qf2 Rd7 20.Rd2 Nc6 21.Nge2 Qb8 22.a4 Nh7
23.Rcd1 f5 24.Bc5 Rf6 25.Bb6 f4 26.Nd5 Rff7 27.b4 Qf8 28.b5 axb5 29.cxb5 Nd8
30.Rc2 g5 31.Rdc1 g4 32.Rc8 Nf6 33.Nec3 Bh6 34.Nxf6+ Rxf6 35.Nd5 Rg6 36.R1c7
Rgg7 37.Rxd7 Rxd7 38.Qa2 Kh7 39.Qb3 Bg7 40.a5 Bf6 41.a6 bxa6 42.bxa6 Bxh4
43.a7 Rxa7 44.Bxa7 Qg7 45.Rc7 Nf7 46.Nf6+ {#r} 1-0

[Event "Memorial M.Najdorf (open) (b)"]
[Site "masterchessopen.com Warsaw (Poland)"]
[Date "2011.07.14"]
[Round "2"]
[White "Wrabel Antoni (POL)"]
[Black "Jarmula Lukasz (POL)"]
[Result "0-1"]
[WhiteElo "1717"]
[BlackElo "1940"]

1.e4 c5 2.Nf3 d6 3.d4 cxd4 4.Nxd4 Nf6 5.f3 e5 6.Bb5+ Nbd7 7.Nf5 d5 8.exd5 a6
9.Be2 Nb6 10.Ne3 Nbxd5 11.Nxd5 Nxd5 12.c4 Nb4 13.Qxd8+ Kxd8 14.Na3 Bf5 15.Bd2
Bc5 16.Bxb4 Bxb4+ 17.Kf2 Bc5+ 18.Kg3 Ke7 19.Rhd1 Rhd8 20.Nb1 Rxd1 21.Bxd1 Bd4
22.Nc3 Bxc3 23.bxc3 Bd3 24.Bb3 Rc8 25.Kf2 Bxc4 26.Rc1 b5 27.Ke3 f5 28.g3 g5
29.Bxc4 Rxc4 30.Kd3 e4+ 31.fxe4 fxe4+ 32.Kd2 Ke6 33.Rf1 Ra4 34.Ra1 Kd5 35.Ke3
Ra3 36.Kd2 Kc4 37.Ke3 Kxc3 38.Kxe4 Kb2 39.Rg1 Kxa2 40.Kf5 b4 41.Rg2+ Kb3
42.Kxg5 Ra2 43.Rxa2 Kxa2 44.Kh6 b3 45.Kxh7 b2 {#R} 0-1

[Event "It (open)"]
[Site "masterchessopen.com Panevezys (Lithuania)"]
[Date "2011.08.14"]
[Round "8"]
[White "Pietinen Pekka (FIN)"]
[Black "Stalemekas Ernestas (LTU)"]
[Result "0-1"]
[WhiteElo "2005"]
[BlackElo "2152"]

1.e4 c5 2.Nf3 d6 3.d4 cxd4 4.Nxd4 Nf6 5.f3 e5 6.Bb5+ Bd7 7.Bxd7+ Qxd7 8.Ne2 d5
9.exd5 Qxd5 10.Nbc3 Qxd1+ 11.Nxd1 Nc6 12.c3 O-O-O 13.O-O Bc5+ 14.Kh1 h6 15.Ng3
Rd3 16.Nf5 e4 17.Be3 Bxe3 18.Nfxe3 exf3 19.Rxf3 Re8 20.h3 Ne5 21.Rf4 Ng6
22.Rf3 Re4 23.Nf1 Rxf3 24.gxf3 Re1 25.Kg1 Nf4 {#R} 0-1

[Event "Memorial Josipa Ipavca (open)"]
[Site "masterchessopen.com Sentjur (Slovenia)"]
[Date "2011.09.16"]
[Round "3"]
[White "Plaskan Jure (SLO)"]
[Black "Mestrovic Zvonimir (SLO)"]
[Result "0-1"]
[WhiteElo "2125"]
[BlackElo "2369"]

1.e4 c5 2.Nf3 d6 3.d4 cxd4 4.Nxd4 Nf6 5.f3 e5 6.Bb5+ Bd7 7.Bxd7+ Qxd7 8.Nf5 d5
9.Bg5 dxe4 10.Bxf6 Qxd1+ 11.Kxd1 gxf6 12.fxe4 Nc6 13.c3 Ne7 14.Ne3 Rg8 15.g3
h5 16.Na3 Bh6 17.Nac2 h4 18.g4 h3 19.Ke2 Bf4 20.Rad1 Rd8 21.Kf3 Rxd1 22.Rxd1
Rh8 23.Nb4 Bxh2 24.Nbd5 Nxd5 25.Nxd5 Rh6 26.c4 a5 27.Rh1 Bf4 28.Nxf4 exf4
29.Kxf4 Ke7 30.Kg3 Ke6 31.Rxh3 Rxh3+ 32.Kxh3 Ke5 33.Kg3 Kxe4 34.b3 f5 35.gxf5
Kxf5 36.Kf3 Ke5 37.Ke3 f5 38.a3 f4+ 39.Kf3 Kd4 40.Kxf4 Kc3 41.Ke4 Kxb3 42.Kd5
Kxa3 43.Kc5 Kb3 44.Kb5 a4 45.c5 a3 46.Kb6 Kc4 {#R} 0-1

[Event "Ch Europe (juniors) (under 18) (g)"]
[Site "masterchessopen.com Albena (Bulgaria)"]
[Date "2011.09.19"]
[Round "8"]
[White "Kantor Reka (SVK)"]
[Black "Fransson Angelina (SWE)"]
[Result "0-1"]
[WhiteElo "1965"]
[BlackElo "1920"]

1.e4 c5 2.Nf3 d6 3.d4 cxd4 4.Nxd4 Nf6 5.f3 e5 6.Bb5+ Nbd7 7.Nf5 d5 8.exd5 a6
9.Ba4 b5 10.Bb3 Nb6 11.Ne3 Bb7 12.Nc3 b4 13.Ne4 Nfxd5 14.Nxd5 Bxd5 15.Bxd5
Nxd5 16.O-O Be7 17.Re1 O-O 18.Qd3 h6 19.c4 bxc3 20.Nxc3 Bc5+ 21.Kh1 Nxc3
22.Qxc3 Bf2 23.Rf1 Bd4 24.Qd3 Qb6 25.Rb1 Qb5 26.Qd1 Rfd8 27.Qe1 Rac8 28.Be3
Rc2 29.Bxd4 exd4 30.Rf2 d3 31.Rd2 Re8 32.Qd1 Rxd2 33.Qxd2 Re2 34.Qc3 Rc2
35.Qd4 d2 36.Qd8+ Kh7 {#R} 0-1

[Event "Cup Mayors (open)"]
[Site "masterchessopen.com Mumbai (India)"]
[Date "2011.09.22"]
[Round "9"]
[White "Sangma Rahul (IND)"]
[Black "Singh S Vikramjit (IND)"]
[Result "1-0"]
[WhiteElo "2359"]
[BlackElo "2248"]

1.e4 c5 2.Nf3 d6 3.d4 cxd4 4.Nxd4 Nf6 5.f3 e5 6.Bb5+ Nbd7 7.Nf5 d5 8.exd5 a6
9.Ba4 b5 10.Bb3 Nc5 11.Ne3 Bb7 12.O-O Nxb3 13.axb3 Bc5 14.c4 O-O 15.Kh1 Qb6
16.Nf5 Nh5 17.Qe1 Qf6 18.Ng3 Qg6 19.Nxh5 Qxh5 20.Nc3 Bb4 21.Bd2 Rac8 22.Ne4
Be7 23.Bb4 Bxb4 24.Qxb4 Rb8 25.Qd2 f5 26.Nc5 Ba8 27.Nd7 bxc4 28.bxc4 {#r} 1-0

[Event "Cup Giorgio Porreca (open)"]
[Site "masterchessopen.com Napoli (Italy)"]
[Date "2011.10.20"]
[Round "5"]
[White "De Rosa Mariagrazia"]
[Black "Di Gennaro Antonio"]
[Result "1-0"]
[WhiteElo "2131"]
[BlackElo "1674"]

1.e4 c5 2.Nf3 d6 3.d4 cxd4 4.Nxd4 Nf6 5.f3 e5 6.Bb5+ Nbd7 7.Nf5 a6 8.Ba4 b5
9.Bb3 Nc5 10.Ne3 Nxb3 11.axb3 Bb7 12.Nc3 Be7 13.Nf5 O-O 14.Bg5 h6 15.Bxf6 Bxf6
16.Qxd6 Bc8 17.Qxd8 Rxd8 18.Ne3 Bb7 19.h4 Rd6 20.Ke2 Rad8 21.Ncd5 g6 22.g4 Bg7
23.Rhd1 Kf8 24.Rd3 f5 25.gxf5 Bxd5 26.Rxd5 Rxd5 27.Nxd5 gxf5 28.Rxa6 fxe4
29.fxe4 {#r} 1-0

[Event "It (open)"]
[Site "masterchessopen.com Bad Wiessee (Germany)"]
[Date "2011.10.29"]
[Round "1"]
[White "Mentel Juergen Dr (GER)"]
[Black "Ziska Helgi Dam (FAI)"]
[Result "0-1"]
[WhiteElo "2063"]
[BlackElo "2460"]

1.e4 c5 2.Nf3 d6 3.d4 cxd4 4.Nxd4 Nf6 5.f3 e5 6.Bb5+ Nbd7 7.Nf5 d5 8.exd5 Qa5+
9.Nc3 a6 10.Bxd7+ Bxd7 11.Ne3 Bc5 12.O-O Bd4 13.Bd2 Nxd5 14.Nxd5 Qxd5 15.c3
Ba7 16.Kh1 Qc6 17.Qc2 O-O 18.Rfe1 f5 19.Nf1 Rae8 20.Be3 Bb8 21.Nd2 Rf6 22.Nb3
b6 23.a4 a5 24.c4 Be6 25.Nd2 Bd6 26.b3 Bb4 27.Rf1 Bc8 28.Rad1 Rg6 29.Nb1 f4
30.Bg1 e4 31.fxe4 Rxe4 32.Rd8+ Re8 33.Rxe8+ Qxe8 34.Bxb6 Rxb6 {#R} 0-1

[Event "It (open)"]
[Site "masterchessopen.com Vilnius (Lithuania)"]
[Date "2011.11.20"]
[Round "2"]
[White "Inants Aghasi (ARM)"]
[Black "Kuciel Wladyslaw (POL)"]
[Result "1-0"]
[WhiteElo "2288"]
[BlackElo "1995"]

1.e4 c5 2.Nf3 d6 3.d4 cxd4 4.Nxd4 Nf6 5.f3 e5 6.Bb5+ Nbd7 7.Nf5 d5 8.Ba4 b5
9.Bb3 Nc5 10.Bg5 Nxb3 11.axb3 g6 12.Bxf6 Qxf6 13.Qxd5 Bb4+ 14.c3 O-O 15.Qxa8
Bxf5 16.Qxa7 Rc8 17.Qe3 Bc5 18.Qe2 Qg5 19.Nd2 Be6 20.g3 Rd8 21.b4 Be3 22.Rd1
Ra8 23.Nf1 Ba7 24.h4 Qf6 25.Nd2 Bd7 26.Nb3 Be6 27.Nc5 Bc4 28.Qe3 Kg7 29.Rh2
Bb3 30.Rc1 Rc8 31.Qg5 Qxf3 32.Rf2 Qh1+ 33.Rf1 Qg2 34.Qxe5+ Kf8 35.Nxb3 Re8
36.Qh8+ Ke7 37.Qf6+ Kd7 38.Rd1+ Kc7 39.Qd6+ {#r} 1-0

[Event "Ch Australia"]
[Site "masterchessopen.com North Geelong (Australia)"]
[Round "5"]
[White "Smirnov Anton (AUS)"]
[Black "Illingworth Max (AUS)"]
[Result "0-1"]
[WhiteElo "2063"]
[BlackElo "2401"]

1.e4 c5 2.Nf3 d6 3.d4 cxd4 4.Nxd4 Nf6 5.f3 e5 6.Bb5+ Nbd7 7.Nf5 d5 8.exd5 a6
9.Ba4 b5 10.Bb3 a5 11.c3 Nb6 12.Ne3 Bc5 13.d6 O-O 14.O-O a4 15.Bc2 Nbd5 16.Re1
Qb6 17.Kf2 Be6 18.c4 bxc4 19.Nc3 a3 20.Nxd5 Nxd5 21.bxa3 f5 22.Rb1 Qa7 23.Bxf5
Rxf5 24.Qc2 Rf6 25.Rb5 Rc8 26.h4 h6 27.g3 Rd8 28.Qe4 Nc3 {#R} 0-1

[Event "Tournament (Elo)"]
[Site "masterchessopen.com Fuerzas del Sur (Chile)"]
[Date "2012.02.13"]
[Round "5"]
[White "Henriquez Pacheco Daniel (CHI)"]
[Black "Alarcon Rodrigo (CRC)"]
[Result "0-1"]
[WhiteElo "2180"]
[BlackElo "2174"]

1.e4 c5 2.Nf3 d6 3.d4 cxd4 4.Nxd4 Nf6 5.f3 e5 6.Bb5+ Nbd7 7.Nb3 Be7 8.Be3 O-O
9.c4 a6 10.Bxd7 Bxd7 11.Nc3 b5 12.cxb5 axb5 13.O-O b4 14.Nd5 Nxd5 15.Qxd5 Be6
16.Qd2 Ra4 17.Nc1 d5 18.exd5 Qxd5 19.Qxd5 Bxd5 20.Rd1 Be6 21.b3 Ra5 22.Nd3
Rfa8 23.Bb6 Rb5 24.Bc7 Bf6 25.Bd6 e4 26.fxe4 Bd4+ 27.Kf1 Bxa1 28.Rxa1 Bxb3
29.Nxb4 Bc4+ 30.Kf2 Bxa2 31.Kf3 Bd5 32.Rd1 Be6 33.e5 h6 34.g4 Ra4 35.Rd4 Kh7
36.h4 Ra1 37.g5 h5 38.Kf4 Rh1 39.Ke3 Rh3+ 40.Kd2 Ra5 41.Rf4 Ra1 42.Be7 Kg6
43.Nd3 Ra2+ 44.Kc3 Bf5 45.Rd4 Ra7 46.Bd6 Bxd3 47.Rxd3 Rxd3+ 48.Kxd3 Ra4 49.Ke3
Rxh4 50.Kf3 Kf5 {#R} 0-1

[Event "Ch Uruguay"]
[Site "masterchessopen.com Montevideo (Uruguay)"]
[Date "2012.03.18"]
[Round "11"]
[White "Rodriguez Vinuesa Azahara (ESP)"]
[Black "Coppola Claudio (URU)"]
[Result "1-0"]
[WhiteElo "2093"]
[BlackElo "2106"]

1.e4 c5 2.Nf3 d6 3.d4 cxd4 4.Nxd4 Nf6 5.f3 e5 6.Bb5+ Nbd7 7.Nf5 d5 8.exd5 a6
9.Ba4 b5 10.Bb3 Nb6 11.Ne3 Bb7 12.Nc3 Bc5 13.Qd3 O-O 14.Ne4 Rc8 15.Nxc5 Rxc5
16.O-O Nbxd5 17.Rd1 Qa8 18.Nf5 Nb4 19.Qd2 Nbd5 20.Qg5 g6 21.Ne7+ Nxe7 22.Qxf6
Nf5 23.g4 Bxf3 24.gxf5 Qe4 25.Bxf7+ {#r} 1-0

[Event "Tournament (qual) (1/2 final)"]
[Site "masterchessopen.com Puerto Boyaca (Colombia)"]
[Date "2012.04.28"]
[Round "5"]
[White "Martinez Jorge Alexander (COL)"]
[Black "Ruiz C Joshua D (COL)"]
[Result "0-1"]
[WhiteElo "2220"]
[BlackElo "2178"]

1.e4 c5 2.Nf3 d6 3.d4 cxd4 4.Nxd4 Nf6 5.f3 e5 6.Bb5+ Nbd7 7.Nf5 a6 8.Ba4 b5
9.Bb3 Nc5 10.Ne3 Nxb3 11.axb3 Bb7 12.c4 b4 13.O-O a5 14.Nf5 g6 15.Nh6 Nh5
16.g3 Qb6+ 17.Kg2 Nf4+ 18.Bxf4 exf4 19.Ng4 Bg7 20.gxf4 f5 21.Nf2 O-O 22.Kg3
Bh6 23.Nd2 Qe3 24.Nh3 fxe4 25.Kg2 Bxf4 26.Nxf4 exf3+ 27.Rxf3 Rxf4 28.Kg3 Rxf3+
29.Nxf3 Rf8 {#R} 0-1

[Event "It (open)"]
[Site "masterchessopen.com Barquisimeto (Venezuela)"]
[Date "2012.05.25"]
[Round "3"]
[White "Martinez Jorge Alexander (COL)"]
[Black "Gonzalez Delvy (VEN)"]
[Result "1-0"]
[WhiteElo "2220"]
[BlackElo "2152"]

1.e4 c5 2.Nf3 d6 3.d4 cxd4 4.Nxd4 Nf6 5.f3 e5 6.Bb5+ Bd7 7.Bxd7+ Qxd7 8.Ne2 d5
9.exd5 Nxd5 10.Nbc3 Nxc3 11.Qxd7+ Nxd7 12.Nxc3 Bb4 13.Bd2 O-O 14.O-O-O Nb6
15.Ne4 Be7 16.Bc3 f6 17.b3 Rfc8 18.Ba5 Rc6 19.g4 Rac8 20.Rd2 g6 21.Kb1 Kf7
22.Rhd1 f5 23.Nd6+ Bxd6 24.Rxd6 Rxd6 25.Rxd6 Rc6 26.Rxc6 bxc6 27.Bxb6 axb6
28.gxf5 gxf5 29.c3 Ke6 30.a4 Kd5 31.Kc2 e4 32.fxe4+ Kxe4 33.Kd2 c5 34.b4 cxb4
35.cxb4 Kd4 36.a5 bxa5 37.bxa5 Kc5 38.Ke3 Kb5 39.Kf4 Kxa5 40.Kxf5 Kb5 41.Kg5
Kc5 42.Kh6 Kd5 43.Kxh7 {#r} 1-0

[Event "Ch Paris (open) (a)"]
[Site "masterchessopen.com Paris (France)"]
[Date "2012.07.12"]
[Round "6"]
[White "Santos Filho Tadeu Souza (BRA)"]
[Black "Imbert Christophe (FRA)"]
[Result "0-1"]
[WhiteElo "2090"]
[BlackElo "2033"]

1.e4 c5 2.Nf3 d6 3.d4 cxd4 4.Nxd4 Nf6 5.f3 e5 6.Bb5+ Bd7 7.Bxd7+ Nbxd7 8.Nf5
d5 9.exd5 Nb6 10.c4 Nxc4 11.Qa4+ Qd7 12.Qxc4 Qxf5 13.Nc3 Rc8 14.Qa4+ Qd7
15.Qb3 Bc5 16.Bg5 Qc7 17.Bxf6 gxf6 18.Qa4+ Qd7 19.Qxd7+ Kxd7 20.O-O-O Bd4
21.Kc2 Rc5 22.Kb3 Rhc8 23.Ne4 Rb5+ 24.Ka3 Bxb2+ 25.Ka4 a6 26.Nd2 Rc3 {#R} 0-1